Score Well Science- IX (Record no. 11630)
[ view plain ]
| 000 -LEADER | |
|---|---|
| fixed length control field | 00253nam a22000977a 4500 |
| 008 - FIXED-LENGTH DATA ELEMENTS--GENERAL INFORMATION | |
| fixed length control field | 190921b ||||| |||| 00| 0 eng d |
| 020 ## - INTERNATIONAL STANDARD BOOK NUMBER | |
| International Standard Book Number | 9789388788762 |
| 100 ## - MAIN ENTRY--PERSONAL NAME | |
| Personal name | Goyal |
| 9 (RLIN) | 7333 |
| 245 ## - TITLE STATEMENT | |
| Title | Score Well Science- IX |
| 260 ## - PUBLICATION, DISTRIBUTION, ETC. (IMPRINT) | |
| Place of publication, distribution, etc. | New Delhi |
| Name of publisher, distributor, etc. | Goyal Brothers |
| Date of publication, distribution, etc. | 2019 |
| Withdrawn status | Lost status | Source of classification or shelving scheme | Damaged status | Koha normalized classification for sorting | Not for loan | Home library | Current library | Shelving location | Date acquired | Total Checkouts | Full call number | Barcode | Date last seen | Date last checked out | Price effective from | Koha item type |
|---|---|---|---|---|---|---|---|---|---|---|---|---|---|---|---|---|
| Dewey Decimal Classification | GOY_500_000000000000000 | Good Samaritan School Library | Good Samaritan School Library | Science | 09/21/2019 | 3 | GOY500 | GOY15484 | 09/19/2024 | 09/11/2024 | 09/21/2019 | BOOK |